| 000 | 02274nam a2200229Ia 4500 | ||
|---|---|---|---|
| 999 |
_c29744 _d29744 |
||
| 003 | OSt | ||
| 005 | 20211221134240.0 | ||
| 008 | 160316s2011 xxu||||| |||| 00| 0 eng d | ||
| 020 | _a9788181595119 | ||
| 040 | _cNLS | ||
| 082 | _a344.012166 PUR | ||
| 100 | _aPuri S D | ||
| 245 | _aEmployees state insurance act, 1948 | ||
| 250 | _a4th | ||
| 260 |
_aMumbai _bSnow White Publications Pvt. Ltd. _c2011 |
||
| 300 | _a1160p | ||
| 365 | _b Rs.1,395 | ||
| 505 | _aContents: Preface Salient Features of Employees' State Insurance (Amendment) Act, 2010 A few words about the use of this book List of abbreviations used in this book Section Index for Part I (Synopsis of Chapter Ito X) Section Index for Part II [Central Rules, Regulations, General Provident Fund, Medical Facilities Scheme for other Beneficiaries etc., Bombay ESI (Medical Benefit) Rules & Bombay Employees' Insurance Courts Rules] Table of Cases-Alphabetical Court-wise Case Index Ratios of Supreme Court Decisions (Chapter-wise) Act at a Glance PART-I 1. Preliminary (Ratio No. 1.1 to 1.1136) 2. Corporation, Standing Committee and Medical Benefit Council (Ratio No. 2.1 to 2.8) 3. Finance and Audit (Ratio No. 3.1) 4. Contributions (Ratio No. 4.1 to 4.296) 5. Benefits (Ratio No. 5.1 to 5.199) 5 A Scheme For Other Beneficiaries 6. Adjudication of Dispute and Claims (Ratio No. 6.1 to 6.433) 7. Penalties (Ratio No. 7.1 to 7.236) 8. Miscellaneous (Ratio No. 8.1 to 8.167) 9. Concept of Functional Integrality, Natural Justice, Consumer Protection Act and Others (Ratio No. 9.1 to 9.167) 10. Schedule (Ratio No. 10.1 to 10.11) PART-II A. The Employees' State Insurance (Central) Rules, 1950 B. The Employees' State Insurance (General) Regulations, C. The Employees' State Insurance Corporation (General Provident Fund) Rules, 1995 D. Other Beneficiaries and Members of Their Families Medical Facilities Scheme, 2010 E. The Bombay Employees' State Insurance (Medical Benefit) Rules, 1954 F. The Bombay Employees' Insurance Courts Rules, Subject Index | ||
| 650 | _a1.Labour Welfare Laws - Employees State Insurance | ||
| 700 |
_aPuri Sundeep _a |
||
| 942 |
_2ddc _cBK |
||